Understanding war and peace/ (Record no. 761017)
[ view plain ]
| 000 -LEADER | |
|---|---|
| fixed length control field | 00328nam a22001217a 4500 |
| 020 ## - INTERNATIONAL STANDARD BOOK NUMBER | |
| ISBN | 9781009123365 |
| 082 ## - DEWEY DECIMAL CLASSIFICATION NUMBER | |
| Classification number | 32701 REI/U |
| 245 ## - TITLE STATEMENT | |
| Title | Understanding war and peace/ |
| Statement of responsibility, etc | edited bu Dan Reiter |
| 260 ## - PUBLICATION, DISTRIBUTION, ETC. (IMPRINT) | |
| Place of publication | . - UK |
| Name of publisher | : Cambridge University Press |
| Year of publication | , 2024 |
| 300 ## - PHYSICAL DESCRIPTION | |
| Number of Pages | xvii+445 pages |
| 942 ## - ADDED ENTRY ELEMENTS (KOHA) | |
| Source of classification or shelving scheme | Dewey Decimal Classification |
| Koha item type | Reference |
| Withdrawn status | Lost status | Source of classification or shelving scheme | Damaged status | Not for loan | Home Library | Current Location | Shelving location | Date acquired | Full call number | Accession Number | Price effective from | Koha item type |
|---|---|---|---|---|---|---|---|---|---|---|---|---|
| Dewey Decimal Classification | Dept. of Political Science | Dept. of Political Science | Reference | 27/01/2026 | 32701 REI/U | POL23887 | 24/06/2026 | Reference |
